Dávka v nezamestnanosti (§104-§108)

Podmienky nároku na dávku v nezamestnnosti. Podporné obdobie v nezamestnanosti a výška dávky v nezamestnanosti. Príklad posúdenia a výpočtu dávky v nezamestnanosti.

Guardado en:
Detalles Bibliográficos
Autor principal: Danajovičová, Katarína
Formato: Capítulo de libro
Lenguaje:eslovaco
Materias:
Etiquetas: Agregar Etiqueta
Sin Etiquetas, Sea el primero en etiquetar este registro!

MARC

LEADER 00000naa a2200000 4500
001 0304797
005 20241024110632.5
041 0 |a slo 
044 |a SK 
245 1 0 |a Dávka v nezamestnanosti (§104-§108)  |c Katarína Danajovičová 
520 |a Podmienky nároku na dávku v nezamestnnosti. Podporné obdobie v nezamestnanosti a výška dávky v nezamestnanosti. Príklad posúdenia a výpočtu dávky v nezamestnanosti. 
610 2 0 |a dávky v nezamestnanosti 
610 2 0 |a nezamestnanosť 
610 2 0 |a pomoc sociálna 
610 2 0 |a legislatíva 
100 1 |a Danajovičová, Katarína